000 00577nam a22002417a 4500
003 UA-OsUOA
001 125547
007 ta
008 20170919b un ||||| |||| 00| 0 ukr d
100 _aНицше Ф.
090 _a130.3
_bН70
942 _cBK
040 _aUA-OsUOA
_brus
_cUA-OsUOA
_dUA-OsUOA
245 _aСумерки богов
300 _a398 с.
955 _a2
041 _arus
080 _a130.3
020 _a5-250-00378-8
260 _aМ.
_bПолитиздат
_c1989
650 7 _a1 Філософські науки
_2UDC
999 _c412792
_d412792